Statistics for Taylor Swift 44

Click here to take the quiz!

General Stats

  • This quiz has been taken 11 times
    (8 since last reset)
  • The average score is 286 of 354

Answer Stats

Answer% Correct
a
100%
and
100%
but
100%
for
100%
he
100%
how
100%
I
100%
I'm
100%
is
100%
like
100%
love
100%
me
100%
my
100%
no
100%
said
100%
say
100%
that
100%
the
100%
this
100%
to
100%
we
100%
were
100%
what
100%
when
100%
you
100%
your
100%
are
86%
baby
86%
'cause
86%
had
86%
hate
86%
in
86%
it
86%
just
86%
mine
86%
miss
86%
of
86%
so
86%
that's
86%
then
86%
time
86%
around
71%
back
71%
break
71%
broke
71%
call
71%
called
71%
calls
71%
change
71%
cooler
71%
day
71%
each
71%
ever
71%
first
71%
friends
71%
getting
71%
go
71%
gonna
71%
he's
71%
I've
71%
know
71%
last
71%
lasted
71%
month
71%
needed
71%
never
71%
off
71%
other
71%
record
71%
remember
71%
seen
71%
swear
71%
talk
71%
telling
71%
than
71%
think
71%
together
71%
trust
71%
up
71%
would
71%
again
57%
come
57%
enough
57%
exhausting
57%
forever
57%
hadn't
57%
indie
57%
much
57%
night
57%
ooh
57%
really
57%
saying
57%
some
57%
space
57%
still
57%
tonight
57%
used
57%
with
57%
away
43%
falling
43%
fights
43%
find
43%
hide
43%
mind
43%
peace
43%
picking
43%
right
43%
screaming
43%
ugh
43%
mean
29%

Score Distribution

Percentile by Number Answered

Percent of People with Each Score

Your Score History

You have not taken this quiz since the last reset